| 000 | 00740nam a22002177a 4500 | ||
|---|---|---|---|
| 003 | OSt | ||
| 005 | 20140310181922.0 | ||
| 008 | 130718t xxu||||| |||| 00| 0 eng d | ||
| 050 |
_aRJ 387.A25 _b.B923 1994 |
||
| 082 |
_aTR 613.907 _bB85 1994 |
||
| 100 |
_aBuckingham, Pam Peterson _91740 |
||
| 245 |
_aPower moves : _ba situational approach to HIV prevention for high risk youth / _cPam Peterson Buckingham |
||
| 260 |
_aLakewood, Colorado : _b Rocky Mountain Center for Health Promotion and Education, _cc1994. |
||
| 300 |
_a20p. ; _c28 cm. |
||
| 521 | _aFaculty | ||
| 541 | _j1 | ||
| 650 | _2Sex Education. | ||
| 650 | _2Sex instruction for youth | ||
| 650 | _2AIDS (Disease)--Prevention. | ||
| 942 |
_2lcc _cBK-TR _kTR |
||
| 999 |
_c7011 _d7011 |
||